Nouveau dictionnaire de la langua allemande et françoise (Record no. 164985)

MARC details
000 -LEADER
campo de control de longitud fija 01339nam a22002775i 4500
001 - NÚMERO DE CONTROL
campo de control 164985
003 - IDENTIFICADOR DE NÚMERO DE CONTROL
campo de control ES-MaACL
005 - FECHA Y HORA DE LA ÚLTIMA TRANSACCIÓN
campo de control 20250531063035.0
008 - DATOS DE LONGITUD FIJA--INFORMACIÓN GENERAL
campo de control de longitud fija 050811s1800 xxc | |||||||| ||fre d
040 ## - FUENTE DE CATALOGACIÓN
Centro catalogador/agencia de origen CAM
Lengua de catalogación spa
Centro/agencia transcriptor CAM
100 1# - ENTRADA PRINCIPAL--NOMBRE DE PERSONA
Nombre de persona Schwan, Christian Friedrich,
Fechas asociadas al nombre 1733-1815
9 (RLIN) 104856
245 10 - MENCIÓN DEL TÍTULO
Título Nouveau dictionnaire de la langua allemande et françoise
Resto del título : contenant tous les mots usités, leur genre et leur définition ... /
Mención de responsabilidad, etc. par Chrétien Frédéric Schwan ...; tome second qui continent les Lettres L-Z de l'Alphabet allemand expliqué par le français.
260 ## - PUBLICACIÓN, DISTRIBUCIÓN, ETC.
Lugar de publicación, distribución, etc. A Louisbourg en Suabe :
Nombre del editor, distribuidor, etc. chez Jean Goerge Cotta imprimeur-libraire ;
Lugar de publicación, distribución, etc. et se trouve à Leipzig :
Nombre del editor, distribuidor, etc. chez Théod. Seeger ;
Lugar de publicación, distribución, etc. et à Paris :
Nombre del editor, distribuidor, etc. chez Fuchs,
Fecha de publicación, distribución, etc. 1800.
300 ## - DESCRIPCIÓN FÍSICA
Extensión 731, [3] p., [2] en bl. ;
Dimensiones 4º.
597 ## - NOTA DE DESCRIPCIÓN FÍSICA
NOTA DE DESCRIPCIÓN FÍSICA Sign.: A-3Z\p4\s, 4A-4Z\p4\s.
650 #4 - PUNTO DE ACCESO ADICIONAL DE MATERIA--TÉRMINO DE MATERIA
Término de materia o nombre geográfico como elemento de entrada Lengua alemana-
Subdivisión general Diccionarios-
-- Francés.
9 (RLIN) 224113
650 #4 - PUNTO DE ACCESO ADICIONAL DE MATERIA--TÉRMINO DE MATERIA
Término de materia o nombre geográfico como elemento de entrada Lengua francesa-
Subdivisión de forma Diccionarios-
Subdivisión general Alemán.
9 (RLIN) 14206
700 1# - ENTRADA AGREGADA--NOMBRE PERSONAL
Nombre de persona Cotta, Jean George,
Término indicativo de función/relación
9 (RLIN) 126614
700 1# - ENTRADA AGREGADA--NOMBRE PERSONAL
Nombre de persona Seeger, Théodor,
Término indicativo de función/relación
9 (RLIN) 132619
700 1# - ENTRADA AGREGADA--NOMBRE PERSONAL
Nombre de persona Fuchs,
Término indicativo de función/relación
9 (RLIN) 127161
752 ## - ENTRADA AGREGADA--NOMBRE JERÁRQUICO DEL LUGAR
País o entidad superior Canada -
Ciudad Louisbourg
752 ## - ENTRADA AGREGADA--NOMBRE JERÁRQUICO DEL LUGAR
País o entidad superior Alemania -
Ciudad Leipzig
752 ## - ENTRADA AGREGADA--NOMBRE JERÁRQUICO DEL LUGAR
País o entidad superior Francia -
Ciudad París
852 ## - LOCALIZACIÓN
Ubicación ES-MaACL
Número de control de estantería R-236-7
Nota libre -- Enc. piel con hierros grab.
Signatura antigua --
Encuadernación Olim: B-5415-6
Holdings
Estatus retirado Estado de pérdida Estado de daño No para préstamo Biblioteca de origen Biblioteca actual Ubicación en estantería Fecha de adquisición Total de préstamos Signatura topográfica completa Código de barras Visto por última vez Precio de reemplazo Tipo de ítem Koha
        Biblioteca del Ateneo de Madrid Biblioteca del Ateneo de Madrid Depósito 17/01/2008   R-236-7 1172955 23/02/2023 23/02/2023 Libro impreso antiguo